000 00320nam a2200133Ia 4500
005 20260328101511.0
008 260328s9999||||xx |||||||||||||| ||und||
100 _aRagon, Michel
245 0 _aL' Urbanisme et la cité /
_cMichel Ragon
260 _bHachette
300 _a127 p.
650 _aDISEÑO URBANO
942 _cBK
999 _c9205
_d9205